[Event "Summer Prague Open 2021 - A"]
[Site "Olympik hotel, Sokolovska 138,"]
[Date "2021.08.10"]
[Round "6.20"]
[White "Bub, Volker"]
[Black "Mica, Marek"]
[Result "0-1"]
[WhiteElo "2074"]
[BlackElo "2316"]
[PlyCount "98"]
[EventDate "2021.08.06"]

1. e4 e6 2. d3 d5 3. Nd2 Nf6 4. Ngf3 Nc6 5. c3 e5 6. b4 Bd6 7. a3 a5 8. Bb2
axb4 9. axb4 Rxa1 10. Qxa1 O-O 11. Be2 Qe7 12. O-O b6 13. Re1 Bb7 14. Bf1 Ra8
15. Qb1 dxe4 16. dxe4 Nd8 17. Nh4 g6 18. Ndf3 Ne6 19. Bc1 c5 20. b5 Ra4 21. Bd3
c4 22. Bc2 Ra5 23. Nd2 Qc7 24. Nf1 Qc5 25. Be3 Qxb5 26. Qd1 Qc6 27. Qf3 Be7 28.
Ng3 Ra3 29. Bh6 Nd4 30. Qd1 Rxc3 31. Bb1 Ra3 32. Bc1 Ra8 33. Nf3 Nxf3+ 34. Qxf3
Bf8 35. h4 h5 36. Qc3 Re8 37. Nf1 Ng4 38. Ne3 Nxe3 39. Rxe3 Bh6 40. Rg3 Bxc1
41. Qxc1 Qf6 42. Qxc4 Rc8 43. Qf1 Qxh4 44. Ba2 Bxe4 45. Bb1 Bxb1 46. Qxb1 Qf4
47. Re3 Qd4 48. Rd3 Rc1+ 49. Qxc1 Qxd3 0-1

[Event "Summer Prague Open 2021 - A"]
[Site "Olympik hotel, Sokolovska 138,"]
[Date "2021.08.10"]
[Round "6.21"]
[White "Mladek, Richard"]
[Black "Bluebaum, Johanna"]
[Result "1-0"]
[WhiteElo "2315"]
[BlackElo "2059"]
[PlyCount "65"]
[EventDate "2021.08.06"]

1. d4 d5 2. c4 e6 3. Nf3 Nf6 4. Nc3 c6 5. e3 Nbd7 6. Be2 Bd6 7. O-O O-O 8. Qc2
dxc4 9. Bxc4 e5 10. Rd1 Qc7 11. h3 exd4 12. Nxd4 Ne5 13. Bf1 g6 14. e4 Ned7 15.
g3 Nh5 16. Bg5 a6 17. Rac1 Bc5 18. b4 Ba7 19. Kh2 Qe5 20. Nf3 Qe6 21. Bg2 Re8
22. Na4 f6 23. Bh6 Ne5 24. Nxe5 Qxe5 25. Nc5 Kh8 26. Rd2 Qe7 27. Rcd1 Bxc5 28.
bxc5 Be6 29. Rd6 Rad8 30. Qb2 Bc8 31. e5 f5 32. h4 Qc7 33. Qd4 1-0

[Event "Summer Prague Open 2021 - A"]
[Site "Olympik hotel, Sokolovska 138,"]
[Date "2021.08.10"]
[Round "6.22"]
[White "Bergner, Philipp"]
[Black "Schirm, Friedmar"]
[Result "0-1"]
[WhiteElo "2072"]
[BlackElo "2268"]
[PlyCount "70"]
[EventDate "2021.08.06"]

1. d4 Nf6 2. c4 g6 3. Nc3 d5 4. Nf3 Bg7 5. cxd5 Nxd5 6. e4 Nxc3 7. bxc3 c5 8.
Be3 O-O 9. Rc1 cxd4 10. cxd4 Bg4 11. Be2 Qa5+ 12. Qd2 Qxd2+ 13. Nxd2 Bxe2 14.
Kxe2 Na6 15. a3 Rac8 16. d5 b6 17. Nb3 Nc7 18. Nd4 Bxd4 19. Bxd4 Nb5 20. Bb2
Nd6 21. Kd3 b5 22. Rxc8 Rxc8 23. Rc1 Nc4 24. Bd4 a6 25. a4 f5 26. exf5 gxf5 27.
axb5 axb5 28. Rb1 Nd6 29. f3 Ra8 30. Bc5 Rb8 31. Kd4 Kf7 32. Ke5 Nc4+ 33. Kxf5
Rd8 34. Rd1 Rc8 35. Bb4 Ne3+ 0-1

[Event "Summer Prague Open 2021 - A"]
[Site "Olympik hotel, Sokolovska 138,"]
[Date "2021.08.10"]
[Round "6.23"]
[White "Pallas, Sebastian"]
[Black "Vantuch, Lucian"]
[Result "1-0"]
[WhiteElo "2249"]
[BlackElo "2034"]
[PlyCount "95"]
[EventDate "2021.08.06"]

1. e4 c5 2. Nf3 Nc6 3. d4 cxd4 4. Nxd4 Qb6 5. Nb3 e6 6. Bd3 Nf6 7. O-O Be7 8.
Kh1 d6 9. Qe2 a6 10. N1d2 O-O 11. f4 Qc7 12. Nf3 e5 13. Nbd2 Nh5 14. fxe5 dxe5
15. Nc4 b5 16. Ne3 Nf4 17. Nd5 Nxe2 18. Nxc7 Nxc1 19. Rfxc1 Ra7 20. Nd5 Bc5 21.
c3 Be6 22. b4 Bd6 23. a4 Rb8 24. axb5 axb5 25. Rxa7 Nxa7 26. Ra1 Nc8 27. Ra5 f5
28. Ne3 fxe4 29. Bxe4 Bc7 30. Ra6 Nb6 31. Ra7 Bd8 32. Nxe5 Bf6 33. Nf3 Bxc3 34.
Ng5 Bc4 35. Nxc4 bxc4 36. Bxh7+ Kh8 37. Bg6 Bxb4 38. Rf7 Bd2 39. Nf3 c3 40. g4
Nd5 41. h4 Ne3 42. g5 Rc8 43. h5 Nd5 44. Bf5 g6 45. hxg6 c2 46. Rh7+ Kg8 47.
Be6+ Kf8 48. g7+ 1-0

[Event "Summer Prague Open 2021 - A"]
[Site "Olympik hotel, Sokolovska 138,"]
[Date "2021.08.10"]
[Round "6.24"]
[White "Gimenez Menchon, Cesar"]
[Black "Pacl, Vaclav"]
[Result "1-0"]
[WhiteElo "2246"]
[BlackElo "2015"]
[PlyCount "97"]
[EventDate "2021.08.06"]

1. e4 d5 2. exd5 Qxd5 3. Nc3 Qd6 4. d4 Nf6 5. Nf3 c6 6. Bd3 Bg4 7. h3 Bh5 8. g4
Bg6 9. Ne5 Bxd3 10. Qxd3 Nbd7 11. Nc4 Qe6+ 12. Be3 Nb6 13. Nxb6 axb6 14. O-O-O
O-O-O 15. d5 Nxd5 16. Bxb6 Rd7 17. Nxd5 cxd5 18. Qd4 Qh6+ 19. g5 Qc6 20. Qb4 e5
21. Qa5 Rd6 22. Bc5 Rd8 23. Bxf8 Rhxf8 24. Rd3 d4 25. Re1 f6 26. f4 fxg5 27.
Rxe5 Kb8 28. Rc5 Qd6 29. Rxd4 Qxd4 30. Qc7+ Ka8 31. Ra5+ Qa7 32. Rxa7+ Kxa7 33.
Qc5+ Ka8 34. Qa5+ Kb8 35. Qxg5 Rfe8 36. b3 g6 37. a4 Rc8 38. Qb5 Rc6 39. Kb2
Re3 40. h4 Rh3 41. Qe5+ Ka7 42. Qa5+ Kb8 43. c4 Re6 44. Qd8+ Ka7 45. a5 Rf3 46.
Qd4+ Kb8 47. Ka3 h5 48. Ka4 Rg3 49. f5 1-0

[Event "Summer Prague Open 2021 - B"]
[Site "Olympik hotel, Sokolovska 138,"]
[Date "2021.08.10"]
[Round "6.1"]
[White "Belov, Alexander"]
[Black "Dreher, David"]
[Result "0-1"]
[WhiteElo "1853"]
[BlackElo "1888"]
[PlyCount "76"]
[EventDate "2021.08.06"]

1. c4 f5 2. Nc3 Nf6 3. d4 e6 4. a3 d5 5. e3 c6 6. Nf3 Bd6 7. b3 O-O 8. Bb2 Bd7
9. Be2 Be8 10. Rc1 Nbd7 11. cxd5 exd5 12. b4 a6 13. Na4 Qc7 14. Nc5 Rb8 15. g3
Bh5 16. Nh4 Bxe2 17. Qxe2 g6 18. Nf3 Ne4 19. Nxd7 Qxd7 20. Ne5 Qe7 21. f3 Nf6
22. Qd3 Nd7 23. Nxd7 Qxd7 24. Qb3 Rbe8 25. Kf2 Qf7 26. f4 Qe6 27. Rc2 Qe4 28.
Rg1 g5 29. Bc1 g4 30. Re2 Rf6 31. a4 Rfe6 32. Rf1 h5 33. Kg1 h4 34. Rg2 Kf7 35.
gxh4 Rh8 36. Rg3 Rxh4 37. Rf2 Reh6 38. Rfg2 Bxf4 0-1

[Event "Summer Prague Open 2021 - B"]
[Site "Olympik hotel, Sokolovska 138,"]
[Date "2021.08.10"]
[Round "6.2"]
[White "Marinc, Damir"]
[Black "Jaeger, Andre"]
[Result "1-0"]
[WhiteElo "1887"]
[BlackElo "1883"]
[Annotator "Stanice"]
[PlyCount "105"]
[EventDate "2021.08.06"]

1. d4 Nf6 2. c4 d6 3. Nc3 Bf5 4. f3 e5 5. e4 exd4 6. Qxd4 Nc6 7. Qd1 Be6 8. Be3
g6 9. Qd2 Bg7 10. Rc1 Ne5 11. b3 O-O 12. Nge2 Nc6 13. Nf4 Qd7 14. Be2 Rad8 15.
h4 h5 16. Kf1 b6 17. Nfd5 Nh7 18. Kg1 Ne7 $11 19. Bh6 c6 20. Bxg7 Kxg7 21. Qd4+
f6 22. Nf4 d5 23. cxd5 cxd5 24. Rd1 Nc6 25. Qa4 d4 26. Bb5 Rc8 27. Ncd5 Qd6 28.
Bxc6 Rxc6 29. Nxe6+ Qxe6 30. Qxd4 Rc2 31. Nb4 Rcc8 32. Qd7+ Qxd7 33. Rxd7+ Rf7
34. Rxf7+ Kxf7 35. Kh2 a5 36. Nd5 Rc2 37. Nxb6 Rxa2 38. Rc1 g5 39. Rc7+ Kg6 40.
hxg5 Nxg5 41. Kg3 Ne6 42. Ra7 Rb2 43. Rxa5 Rxb3 44. Nd5 Rb2 45. Ra6 Kf7 46. Kh4
Rxg2 47. Rxe6 Rh2+ 48. Kg3 Kxe6 49. Kxh2 f5 50. Nc3 fxe4 51. fxe4 Ke5 52. Kh3
Kd4 53. Kh4 1-0

[Event "Summer Prague Open 2021 - B"]
[Site "Olympik hotel, Sokolovska 138,"]
[Date "2021.08.10"]
[Round "6.3"]
[White "Hrebicek, Petr"]
[Black "Svanda, Adam"]
[Result "0-1"]
[WhiteElo "1806"]
[BlackElo "1858"]
[PlyCount "86"]
[EventDate "2021.08.06"]

1. e4 c5 2. Nc3 Nc6 3. f4 g6 4. Nf3 Bg7 5. Bc4 e6 6. O-O Nge7 7. d3 O-O 8. Qe1
d5 9. Bb3 dxe4 10. dxe4 e5 11. fxe5 Nxe5 12. Nxe5 Bxe5 13. Bg5 c4 14. Nd5 f6
15. Bxf6 Rxf6 16. Nxf6+ Bxf6 17. Bxc4+ Kg7 18. Rd1 Qc7 19. e5 Bg5 20. Rf7+ Kh6
21. h4 Qc5+ 22. Kh1 Be3 23. Rxe7 Qxe7 24. Qxe3+ Kg7 25. Qd4 Bf5 26. e6+ Kg8 27.
Qd7 Re8 28. Qxe7 Rxe7 29. Rd7 Kf8 30. Rxe7 Kxe7 31. c3 Bxe6 32. Bxe6 Kxe6 33.
g3 Kf5 34. Kg2 Ke4 35. c4 Kd4 36. b3 Kc3 37. Kf3 Kb2 38. b4 Kc3 39. Ke4 Kxc4
40. a3 Kb3 41. Kd5 Kxa3 42. Kc5 Ka4 43. Kc4 b5+ 0-1

[Event "Summer Prague Open 2021 - B"]
[Site "Olympik hotel, Sokolovska 138,"]
[Date "2021.08.10"]
[Round "6.4"]
[White "Pejrimovsky, Tadeas Rubel"]
[Black "Svetly, Jiri"]
[Result "0-1"]
[WhiteElo "1532"]
[BlackElo "1852"]
[PlyCount "76"]
[EventDate "2021.08.06"]

1. e4 d6 2. d4 Nf6 3. Nc3 g6 4. Nf3 Bg7 5. h3 O-O 6. Bd3 Nc6 7. O-O e5 8. Be3
exd4 9. Nxd4 Re8 10. a3 d5 11. exd5 Nxd5 12. Nxd5 Nxd4 13. Nc3 c6 14. Re1 Be6
15. Ne4 Bd5 16. Nc3 Be6 17. Ne4 Nf5 18. Bg5 f6 19. Bf4 Bd5 20. Nc5 b6 21. Nb7
Qd7 22. Bxf5 Qxb7 23. Bd3 c5 24. Bf1 f5 25. c4 Be4 26. Qb3 h6 27. Rad1 g5 28.
Bh2 Bd4 29. Rd2 Re7 30. Kh1 Bxg2+ 31. Bxg2 Rxe1+ 32. Bg1 Qc8 33. Rxd4 cxd4 34.
c5+ Kg7 35. Qd5 bxc5 36. Qxa8 Qxa8 37. Bxa8 d3 38. Bf3 d2 0-1

[Event "Summer Prague Open 2021 - B"]
[Site "Olympik hotel, Sokolovska 138,"]
[Date "2021.08.10"]
[Round "6.5"]
[White "Unger, Eva"]
[Black "Al-Dhabbi, Fares"]
[Result "0-1"]
[WhiteElo "1648"]
[BlackElo "1918"]
[PlyCount "70"]
[EventDate "2021.08.06"]

1. d4 Nf6 2. c4 e6 3. Nf3 b6 4. g3 Bb7 5. Bg2 Be7 6. O-O O-O 7. Nc3 d5 8. Nd2
Nc6 9. cxd5 exd5 10. e3 Nb4 11. a3 Nd3 12. Ne2 Ba6 13. Nf3 Bd6 14. Ne1 Nxe1 15.
Rxe1 c6 16. Nc3 Qd7 17. e4 dxe4 18. Nxe4 Nxe4 19. Bxe4 Rad8 20. Be3 f5 21. Bg2
f4 22. Bd2 fxg3 23. hxg3 c5 24. dxc5 Bxc5 25. Be3 Qf5 26. Qb3+ Kh8 27. Bxc5
Qxc5 28. Re3 Rd2 29. Bf3 Qd4 30. Rd1 Qxb2 31. Rxd2 Qxd2 32. Qa4 Qc1+ 33. Kg2
Qf1+ 34. Kh2 Qxf2+ 35. Bg2 Bb7 0-1

[Event "Summer Prague Open 2021 - B"]
[Site "Olympik hotel, Sokolovska 138,"]
[Date "2021.08.10"]
[Round "6.6"]
[White "Korenek, Frantisek"]
[Black "Pechanek, Krystof"]
[Result "1-0"]
[WhiteElo "1896"]
[BlackElo "1436"]
[PlyCount "113"]
[EventDate "2021.08.06"]

1. e4 c5 2. Nf3 Nc6 3. Bb5 Qc7 4. O-O d6 5. c3 Nf6 6. Re1 a6 7. Bf1 Bg4 8. h3
Bxf3 9. Qxf3 g6 10. Qd1 Bg7 11. d4 cxd4 12. cxd4 O-O 13. Nc3 Rac8 14. Be3 Rfe8
15. Qd2 b5 16. a3 Na5 17. Rad1 Nc4 18. Bxc4 Qxc4 19. f3 b4 20. Ne2 bxa3 21.
bxa3 Qa4 22. Qb4 Qxb4 23. axb4 Rc4 24. Ra1 Rb8 25. Rxa6 Rcxb4 26. Ra7 R4b7 27.
Rxb7 Rxb7 28. Rc1 h5 29. g3 Kh7 30. g4 hxg4 31. hxg4 Bf8 32. Kf2 Rb3 33. Rc8
Kg7 34. Bg5 Nh7 35. Bh4 g5 36. Bg3 Kg6 37. e5 dxe5 38. dxe5 Bg7 39. Nd4 Rb2+
40. Rc2 Rb4 41. Nf5 e6 42. Ne7+ Kh6 43. Ke3 Bh8 44. Nc6 Rb3+ 45. Ke4 Nf8 46.
Be1 Ng6 47. Rh2+ Kg7 48. Rh5 f6 49. exf6+ Kxf6 50. Bd2 Rb5 51. f4 Rc5 52. fxg5+
Kg7 53. Nd4 Rc4 54. Ke3 e5 55. Nf5+ Kg8 56. Kd3 Rxg4 57. Nh6+ 1-0

[Event "Summer Prague Open 2021 - B"]
[Site "Olympik hotel, Sokolovska 138,"]
[Date "2021.08.10"]
[Round "6.7"]
[White "Grabarczyk, Sylwester"]
[Black "Palka, Miroslav"]
[Result "1-0"]
[WhiteElo "1630"]
[BlackElo "1846"]
[PlyCount "99"]
[EventDate "2021.08.06"]

1. e4 c5 2. Nc3 Nc6 3. f4 d6 4. Nf3 g6 5. Bc4 Bg7 6. O-O e6 7. Qe1 Nf6 8. d3
O-O 9. f5 exf5 10. Qh4 fxe4 11. dxe4 Be6 12. Bxe6 fxe6 13. Ng5 Qd7 14. Be3 Nd4
15. Rad1 b6 16. Bxd4 cxd4 17. Rxd4 h6 18. Nf3 Nh5 19. e5 Qc6 20. Rc4 Qb7 21.
exd6 b5 22. Re4 Qb6+ 23. Kh1 Qxd6 24. Rd1 Qc6 25. Nd4 Qc4 26. Nf5 exf5 27. Rxc4
bxc4 28. Qxc4+ Kh7 29. Rd7 Rfe8 30. g3 Rab8 31. b4 a6 32. Nd5 Re1+ 33. Kg2 Rbe8
34. Kf2 R1e4 35. Qxa6 R4e6 36. Qd3 Re4 37. b5 Kh8 38. c3 Rg4 39. Nb4 Nf6 40.
Rd8 Rge4 41. Rxe8+ Rxe8 42. c4 Ng4+ 43. Kg2 Re3 44. Qd8+ Kh7 45. Nd5 Re2+ 46.
Kf1 Rxh2 47. Ne7 h5 48. Qg8+ Kh6 49. Qe6 Ne5 50. Nxf5+ 1-0

[Event "Summer Prague Open 2021 - B"]
[Site "Olympik hotel, Sokolovska 138,"]
[Date "2021.08.10"]
[Round "6.9"]
[White "Lazniewska, Zofia"]
[Black "Krejcar, Walter"]
[Result "1-0"]
[WhiteElo "1562"]
[BlackElo "1754"]
[PlyCount "132"]
[EventDate "2021.08.06"]

1. e4 d6 2. d4 Nf6 3. Nc3 Nbd7 4. Nf3 c6 5. e5 dxe5 6. dxe5 Ng4 7. Qe2 g6 8. h3
Nh6 9. e6 Nf6 10. Ng5 Bg7 11. Nxf7 Nxf7 12. exf7+ Kxf7 13. Be3 e5 14. Qf3 Be6
15. Rd1 Qa5 16. Bd2 Qc7 17. Ne4 h6 18. Bb4 Rhd8 19. Nd6+ Kg8 20. Bc4 Bxc4 21.
Nxc4 e4 22. Qe2 Nd5 23. c3 b5 24. Ba5 Nb6 25. Nd2 e3 26. fxe3 Rf8 27. Nf3 Rae8
28. O-O Qe7 29. Bxb6 axb6 30. Rfe1 Rf7 31. Rd3 c5 32. Rd2 c4 33. Rd5 Rf5 34.
Qd2 Kh8 35. Rxf5 gxf5 36. Qd5 Qc5 37. Qxc5 bxc5 38. Nh4 b4 39. Nxf5 bxc3 40.
bxc3 Bxc3 41. Rc1 Bb4 42. Rxc4 Re5 43. e4 Kh7 44. Ne3 Kg6 45. Kh2 Kg5 46. a4 h5
47. Nd5 Be1 48. Rxc5 h4 49. Nc7 Bg3+ 50. Kg1 Kf4 51. Rxe5 Kxe5 52. Nb5 Be1 53.
Kf1 Ba5 54. Ke2 Kxe4 55. Nd6+ Kd5 56. Nf5 Bd8 57. Kf3 Kc5 58. Kg4 Kb4 59. Nxh4
Kxa4 60. Nf5 Kb4 61. h4 Kc5 62. h5 Bf6 63. h6 Bh8 64. Kh5 Kd5 65. Ng7 Ke5 66.
Kg6 Bxg7 1-0

[Event "Summer Prague Open 2021 - B"]
[Site "Olympik hotel, Sokolovska 138,"]
[Date "2021.08.10"]
[Round "6.10"]
[White "Loucky, Tomas"]
[Black "Karlsson, Henrik 1974"]
[Result "0-1"]
[WhiteElo "1305"]
[BlackElo "1648"]
[PlyCount "76"]
[EventDate "2021.08.06"]

1. e4 e6 2. d4 d5 3. Nc3 Nf6 4. e5 Nfd7 5. f4 c5 6. Nf3 Nc6 7. Be3 Be7 8. Be2
cxd4 9. Nxd4 Nxd4 10. Bxd4 Bc5 11. O-O b6 12. Kh1 Bxd4 13. Qxd4 O-O 14. a4 f5
15. Rf3 Nc5 16. Rh3 Ne4 17. Rf1 Qe7 18. Rff3 Qc5 19. Qxc5 bxc5 20. Rh4 Rb8 21.
b3 Rb4 22. Kg1 Rd4 23. Nxe4 fxe4 24. Rc3 Rd2 25. Bb5 d4 26. Rxc5 e3 27. Kf1 Bb7
28. Be2 Be4 29. c3 d3 30. Bf3 Bxf3 31. gxf3 Rd1+ 32. Kg2 e2 33. Rc7 e1=Q 34.
Rg4 Qh1+ 35. Kh3 Qxf3+ 36. Rg3 Qh5+ 37. Kg2 Rd2+ 38. Kf1 Qd1# 0-1

[Event "Summer Prague Open 2021 - A"]
[Site "?"]
[Date "2021.08.11"]
[Round "7.1"]
[White "Finek, Vaclav"]
[Black "Petr, Martin"]
[Result "1/2-1/2"]
[BlackElo "2503"]
[WhiteElo "2372"]
[LiveChessVersion "1.4.8"]

1. Nf3 {[%clk 1:28:59]} d5 {[%clk 1:30:12]} 2. d4 {[%clk 1:29:25]} Nf6
{[%clk 1:29:44]} 3. c4 {[%clk 1:29:49]} c5 {[%clk 1:29:15]} 4. cxd5
{[%clk 1:28:16]} cxd4 {[%clk 1:29:38]} 5. Qxd4 {[%clk 1:24:21]} Qxd5
{[%clk 1:29:58]} 6. Nc3 {[%clk 1:24:17]} Qxd4 {[%clk 1:30:12]} 7. Nxd4
{[%clk 1:24:42]} a6 {[%clk 1:30:38]} 8. e4 {[%clk 1:18:07]} e5 {[%clk 1:27:55]}
9. Nc2 {[%clk 1:17:08]} Nc6 {[%clk 1:18:16]} 10. Bg5 {[%clk 1:01:14]} Be6
{[%clk 1:17:12]} 11. O-O-O {[%clk 0:59:28]} Nd7 {[%clk 1:01:31]} 12. Kb1
{[%clk 0:52:32]} Rc8 {[%clk 0:53:55]} 13. Be2 {[%clk 0:47:03]} Bc5
{[%clk 0:52:53]} 14. Be3 {[%clk 0:46:57]} Bxe3 {[%clk 0:47:51]} 15. Nxe3
{[%clk 0:47:11]} Nd4 {[%clk 0:47:56]} 16. Bg4 {[%clk 0:46:23]} Bxg4
{[%clk 0:46:11]} 17. Nxg4 {[%clk 0:46:45]} f6 {[%clk 0:46:14]} 18. Ne3
{[%clk 0:43:23]} Nb6 {[%clk 0:42:26]} 19. Ncd5 {[%clk 0:40:20]} 1/2-1/2

[Event "Summer Prague Open 2021 - A"]
[Site "?"]
[Date "2021.08.11"]
[Round "7.2"]
[White "Nguyen, Alex Dac-Vuong"]
[Black "Plischki, Sebastian"]
[Result "1/2-1/2"]
[BlackElo "2356"]
[WhiteElo "2290"]
[LiveChessVersion "1.4.8"]

1. e4 {[%clk 1:30:57]} c5 {[%clk 1:30:51]} 2. Nf3 {[%clk 1:31:22]} d6
{[%clk 1:31:11]} 3. d4 {[%clk 1:31:48]} cxd4 {[%clk 1:31:33]} 4. Nxd4
{[%clk 1:32:13]} Nf6 {[%clk 1:31:55]} 5. f3 {[%clk 1:32:41]} Nc6 {[%clk 1:31:23]}
6. c4 {[%clk 1:33:06]} e6 {[%clk 1:31:41]} 7. Nc3 {[%clk 1:33:31]} Be7
{[%clk 1:31:49]} 8. Nc2 {[%clk 1:33:56]} O-O {[%clk 1:30:46]} 9. Be2
{[%clk 1:34:20]} d5 {[%clk 1:24:12]} 10. cxd5 {[%clk 1:34:35]} exd5
{[%clk 1:24:27]} 11. exd5 {[%clk 1:35:01]} Nb4 {[%clk 1:24:51]} 12. Ne3
{[%clk 1:35:28]} Bc5 {[%clk 1:24:39]} 13. a3 {[%clk 1:35:54]} Bxe3
{[%clk 1:23:34]} 14. Bxe3 {[%clk 1:36:20]} Nbxd5 {[%clk 1:22:48]} 15. Bf2
{[%clk 1:35:48]} Nf4 {[%clk 1:16:36]} 16. O-O {[%clk 1:35:20]} 1/2-1/2

[Event "Summer Prague Open 2021 - A"]
[Site "?"]
[Date "2021.08.11"]
[Round "7.3"]
[White "Toman, Ondrej"]
[Black "Hrabusa, Matej"]
[Result "1/2-1/2"]
[BlackElo "2350"]
[WhiteElo "2196"]
[LiveChessVersion "1.4.8"]

1. d4 {[%clk 1:30:59]} d5 {[%clk 1:30:53]} 2. Bf4 {[%clk 1:31:04]} c5
{[%clk 1:31:17]} 3. e3 {[%clk 1:31:31]} Nc6 {[%clk 1:31:39]} 4. Nf3
{[%clk 1:31:54]} Nf6 {[%clk 1:31:35]} 5. Nbd2 {[%clk 1:32:08]} Qb6
{[%clk 1:31:52]} 6. dxc5 {[%clk 1:32:31]} Qxb2 {[%clk 1:32:14]} 7. Rb1
{[%clk 1:32:52]} Qc3 {[%clk 1:32:29]} 8. Bb5 {[%clk 1:31:15]} e6 {[%clk 1:32:25]}
9. O-O {[%clk 1:29:18]} Be7 {[%clk 1:32:21]} 10. Be5 {[%clk 1:22:31]} Qxc5
{[%clk 1:23:00]} 11. c4 {[%clk 1:06:44]} O-O {[%clk 1:17:08]} 12. Bxc6
{[%clk 1:04:33]} bxc6 {[%clk 1:11:00]} 13. Qa4 {[%clk 1:02:40]} Bd7
{[%clk 0:56:41]} 14. Rb7 {[%clk 0:56:19]} Rfd8 {[%clk 0:53:20]} 15. Rfb1
{[%clk 0:46:52]} 1/2-1/2

[Event "Summer Prague Open 2021 - A"]
[Site "?"]
[Date "2021.08.11"]
[Round "7.4"]
[White "Stalmach, Richard"]
[Black "Froeyman, Helmut"]
[Result "1/2-1/2"]
[BlackElo "2260"]
[WhiteElo "2305"]
[LiveChessVersion "1.4.8"]

1. d4 {[%clk 1:30:54]} f5 {[%clk 1:30:52]} 2. Bg5 {[%clk 1:31:16]} h6
{[%clk 1:30:30]} 3. Bh4 {[%clk 1:31:42]} g5 {[%clk 1:30:33]} 4. e3
{[%clk 1:32:03]} Bg7 {[%clk 1:30:06]} 5. Bg3 {[%clk 1:32:06]} c5 {[%clk 1:30:13]}
6. c3 {[%clk 1:32:06]} Qb6 {[%clk 1:29:19]} 7. Na3 {[%clk 1:32:14]} Nf6
{[%clk 1:19:19]} 8. h4 {[%clk 1:30:54]} cxd4 {[%clk 1:02:47]} 9. hxg5
{[%clk 1:24:49]} hxg5 {[%clk 0:47:57]} 10. Rxh8+ {[%clk 1:24:50]} Bxh8
{[%clk 0:48:25]} 11. exd4 {[%clk 1:14:40]} f4 {[%clk 0:48:34]} 12. Bh2
{[%clk 1:13:35]} Qxb2 {[%clk 0:30:28]} 13. Nb5 {[%clk 1:11:39]} Kd8
{[%clk 0:30:36]} 14. Bc4 {[%clk 0:47:27]} Ne4 {[%clk 0:30:58]} 15. Ne2
{[%clk 0:40:55]} Nd2 {[%clk 0:24:00]} 16. Bb3 {[%clk 0:35:33]} a6
{[%clk 0:22:39]} 17. Na3 {[%clk 0:35:02]} Qxa3 {[%clk 0:19:33]} 18. Qxd2
{[%clk 0:33:47]} Qa5 {[%clk 0:17:30]} 19. O-O-O {[%clk 0:30:42]} d6
{[%clk 0:17:25]} 20. f3 {[%clk 0:28:08]} Bf5 {[%clk 0:13:49]} 21. g3
{[%clk 0:26:23]} Qa3+ {[%clk 0:09:37]} 22. Qb2 {[%clk 0:26:52]} Qxb2+
{[%clk 0:10:00]} 23. Kxb2 {[%clk 0:27:21]} fxg3 {[%clk 0:09:38]} 24. Nxg3
{[%clk 0:27:46]} Bg6 {[%clk 0:07:49]} 25. Ne4 {[%clk 0:23:28]} Bxe4
{[%clk 0:04:24]} 26. fxe4 {[%clk 0:23:56]} Nc6 {[%clk 0:04:25]} 27. Rg1
{[%clk 0:23:48]} Bf6 {[%clk 0:04:33]} 28. e5 {[%clk 0:23:34]} dxe5
{[%clk 0:04:27]} 29. dxe5 {[%clk 0:24:00]} Nxe5 {[%clk 0:04:26]} 30. Bxe5
{[%clk 0:24:21]} Bxe5 {[%clk 0:04:52]} 31. Rxg5 {[%clk 0:24:47]} Bb8
{[%clk 0:05:14]} 32. Be6 {[%clk 0:23:47]} Kc7 {[%clk 0:03:33]} 33. Rg8
{[%clk 0:23:57]} Kb6 {[%clk 0:03:04]} 34. Re8 {[%clk 0:23:46]} a5
{[%clk 0:02:38]} 35. Bd5 {[%clk 0:23:02]} a4 {[%clk 0:02:38]} 36. Kc2
{[%clk 0:21:42]} Ra5 {[%clk 0:02:32]} 37. c4 {[%clk 0:21:34]} Bd6
{[%clk 0:02:54]} 38. Rd8 {[%clk 0:21:55]} Kc5 {[%clk 0:02:28]} 39. Rc8+
{[%clk 0:22:00]} Kb6 {[%clk 0:01:56]} 40. Kd3 {[%clk 0:22:27]} a3
{[%clk 0:01:39]} 41. Kc3 {[%clk 0:21:45]} Ra4 {[%clk 0:01:36]} 42. Rd8
{[%clk 0:20:04]} Kc7 {[%clk 0:01:52]} 43. Rg8 {[%clk 0:20:29]} Rb4
{[%clk 0:01:34]} 44. Rg2 {[%clk 0:20:10]} Rb2 {[%clk 0:01:18]} 45. Rxb2
{[%clk 0:18:35]} Be5+ {[%clk 0:01:37]} 46. Kc2 {[%clk 0:18:06]} axb2
{[%clk 0:02:00]} 47. c5 {[%clk 0:15:59]} Bd4 {[%clk 0:00:58]} 48. Be4
{[%clk 0:16:22]} Kb8 {[%clk 0:00:45]} 49. Bf3 {[%clk 0:16:39]} Ka7
{[%clk 0:01:06]} 50. Be4 {[%clk 0:16:57]} Ka6 {[%clk 0:01:27]} 51. c6
{[%clk 0:17:07]} bxc6 {[%clk 0:01:49]} 52. Bxc6 {[%clk 0:17:34]} Ka5
{[%clk 0:01:41]} 53. Be4 {[%clk 0:17:57]} Kb4 {[%clk 0:01:57]} 54. Kd2
{[%clk 0:18:11]} Kc4 {[%clk 0:28:17]} 55. Bb1 {[%clk 0:48:32]} Bc5
{[%clk 0:27:48]} 56. Ke2 {[%clk 0:48:59]} e5 {[%clk 0:26:37]} 57. Bc2
{[%clk 0:49:25]} Kd4 {[%clk 0:26:42]} 58. Bb1 {[%clk 0:49:50]} e4
{[%clk 0:24:40]} 59. a3 {[%clk 0:50:04]} Bxa3 {[%clk 0:24:49]} 60. Bc2
{[%clk 0:50:31]} Bc5 {[%clk 0:24:32]} 61. Bb1 {[%clk 0:50:47]} e3
{[%clk 0:24:35]} 62. Bc2 {[%clk 0:51:08]} Kc3 {[%clk 0:24:55]} 63. Bb1
{[%clk 0:51:32]} Bb6 {[%clk 0:25:07]} 64. Bh7 {[%clk 0:51:54]} Kb3
{[%clk 0:25:12]} 65. Bb1 {[%clk 0:52:17]} Bc5 {[%clk 0:25:01]} 66. Kd3
{[%clk 0:52:44]} Bd4 {[%clk 0:25:10]} 67. Ke2 {[%clk 0:53:12]} Kc3
{[%clk 0:24:38]} 68. Bh7 {[%clk 0:53:37]} Bc5 {[%clk 0:25:05]} 69. Bb1
{[%clk 0:54:04]} Kd4 {[%clk 0:25:33]} 70. Bh7 {[%clk 0:54:30]} Bb4
{[%clk 0:26:00]} 71. Bb1 {[%clk 0:54:56]} Bd2 {[%clk 0:26:26]} 72. Bh7
{[%clk 0:55:22]} Kc3 {[%clk 0:26:52]} 73. Bb1 {[%clk 0:55:49]} Kb3
{[%clk 0:27:19]} 74. Kd3 {[%clk 0:56:17]} Bc1 {[%clk 0:27:08]} 75. Ke2
{[%clk 0:56:44]} Kc3 {[%clk 0:25:17]} 76. Bh7 {[%clk 0:57:10]} Kb3
{[%clk 0:25:38]} 77. Bb1 {[%clk 0:57:37]} Ka3 {[%clk 0:25:52]} 78. Kd3
{[%clk 0:58:04]} Kb3 1/2-1/2